000 00316nam a22001457a 4500
008 230419b ||||| |||| 00| 0 eng d
020 _a9780313375361
041 _aeng
080 _a030
082 _a030DYK
100 _a44
101 _aENCI
245 _aBETWEEN HEAVEN AND EARTH
_cDYKE VAN
942 _2udc
_cBK
999 _c59613
_d59613